Madrid en guerra : (Record no. 13539)

MARC details
000 -LEADER
campo de control de longitud fija 01379nam a2200361 i 4500
001 - NÚMERO DE CONTROL
campo de control 13539
003 - IDENTIFICADOR DE NÚMERO DE CONTROL
campo de control ES-MaACL
005 - FECHA Y HORA DE LA ÚLTIMA TRANSACCIÓN
campo de control 20250704062539.0
007 - CAMPO FIJO DE DESCRIPCIÓN FÍSICA--INFORMACIÓN GENERAL
campo de control de longitud fija t|
008 - DATOS DE LONGITUD FIJA--INFORMACIÓN GENERAL
campo de control de longitud fija 980429s1986 sp a |||| | spa d
017 ## - NÚMERO DE COPYRIGHT O DE DEPÓSITO LEGAL
Número de copyright o de depósito legal M 41492-1981
040 ## - FUENTE DE CATALOGACIÓN
Centro/agencia transcriptor ES-MaACL
080 ## - NÚMERO DE LA CLASIFICACIÓN DECIMAL UNIVERSAL
Número de la Clasificación Decimal Universal 946"1936/39"(064.3)
245 00 - MENCIÓN DEL TÍTULO
Título Madrid en guerra :
Resto del título Gaceta del Museo Municipal.
260 ## - PUBLICACIÓN, DISTRIBUCIÓN, ETC.
Lugar de publicación, distribución, etc. Madrid :
Nombre del editor, distribuidor, etc. Museo Municipal de Madrid,
Fecha de publicación, distribución, etc. 1986.
300 ## - DESCRIPCIÓN FÍSICA
Extensión 2 v. :
Otras características físicas il. ;
Dimensiones 32 cm.
505 8# - NOTA DE CONTENIDO CON FORMATO
Nota de contenido con formato Contiene: 1. Gaceta del Museo Municipal [artículos y catálogo] - 2. Suplemento en color
505 8# - NOTA DE CONTENIDO CON FORMATO
Nota de contenido con formato Contiene: El Ateneo de Madrid (1936-1939) / Fernanda Andura Varela, p. 78-86: il. (bibliografía: p. 86)
610 24 - PUNTO DE ACCESO ADICIONAL DE MATERIA--NOMBRE DE ENTIDAD CORPORATIVA
Nombre de entidad corporativa o nombre de jurisdicción como elemento de entrada Ateneo de Madrid-
Subdivisión de forma Historia
9 (RLIN) 1925
651 #4 - PUNTO DE ACCESO ADICIONAL DE MATERIA--NOMBRE GEOGRÁFICO
Nombre geográfico España-
Subdivisión general Historia-
Subdivisión cronológica 1936-1939, Guerra civil-
Subdivisión de forma Exposiciones.
9 (RLIN) 8304
655 #7 - TERMINO DE INDIZACIÓN--GENERO/FORMA
Fuente del término tgfbne
9 (RLIN) 193628
Datos o término principal de género/forma Catálogos de exposiciones
700 0# - ENTRADA AGREGADA--NOMBRE PERSONAL
Nombre de persona Andura, Fernanda
9 (RLIN) 21688
710 2# - ENTRADA AGREGADA--NOMBRE DE ENTIDAD CORPORATIVA
Nombre de entidad corporativa o nombre de jurisdicción como elemento de entrada Museo Municipal de Madrid
9 (RLIN) 5892
740 32 - ENTRADA AGREGADA--TÍTULO RELACIONADO/ANALÍTICO NO CONTROLADO
Título relacionado o analítico no controlado El Ateneo de Madrid (1936-1939)
852 4# - LOCALIZACIÓN
Ubicación ES-MaACL
Número de control de estantería L-20825-26
Ubicación en estantería Depósito 2
itemnumber 13874
852 4# - LOCALIZACIÓN
Ubicación ES-MaACL
Número de control de estantería B-289-90
Ubicación en estantería Sala Pardo Bazán
itemnumber 13873
852 4# - LOCALIZACIÓN
Ubicación ES-MaACL
Número de control de estantería N-8760
Ubicación en estantería Depósito J
Encuadernación Encuadernación rústica
itemnumber 203886
Designación de la unidad física v.1
942 ## - ELEMENTOS DE ENTRADA SECUNDARIOS (KOHA)
Tipo de ítem Koha Libro impreso
Holdings
Estatus retirado Estado de pérdida Estado de daño No para préstamo Colección Biblioteca de origen Biblioteca actual Ubicación en estantería Fecha de adquisición Fuente de adquisición Total de préstamos Signatura topográfica completa Código de barras Visto por última vez Precio de reemplazo Tipo de ítem Koha Fuente del sistema de clasificación o colocación Especificación de materiales (volumen encuadernado u otra parte)
        Fondo Ateneo de Madrid Biblioteca del Ateneo de Madrid Biblioteca del Ateneo de Madrid Sala Pardo Bazán 17/01/2008     B-289-90 1013783 23/02/2023 23/02/2023 Libro impreso    
        Fondo Ateneo de Madrid Biblioteca del Ateneo de Madrid Biblioteca del Ateneo de Madrid Depósito 2 17/01/2008     L-20825-26 1013782 23/02/2023 23/02/2023 Libro impreso    
        Fondo Ateneo de Madrid Biblioteca del Ateneo de Madrid Biblioteca del Ateneo de Madrid Depósito J 13/07/2024     N-8760 101229427 13/07/2024 13/07/2024 Libro impreso Clasificación decimal universal v.1